<?xml version="1.0" encoding="UTF-8"?>
<marc:record xmlns:marc="http://www.loc.gov/MARC21/slim">
   <marc:leader>00000nam a2200000 a 4500</marc:leader>
   <marc:datafield ind1="1" ind2=" " tag="100">
      <marc:subfield code="a">Slater, Dashka</marc:subfield>
      <marc:subfield code="4">aut</marc:subfield>
      <marc:subfield code="e">Verfasser/-in</marc:subfield>
   </marc:datafield>
   <marc:datafield ind1="1" ind2=" " tag="100">
      <marc:subfield code="a">Lecker, Ann</marc:subfield>
      <marc:subfield code="4">trl</marc:subfield>
      <marc:subfield code="e">Übersetzer/-in</marc:subfield>
   </marc:datafield>
   <marc:datafield ind1=" " ind2=" " tag="653">
      <marc:subfield code="a">Teenager</marc:subfield>
   </marc:datafield>
   <marc:datafield ind1=" " ind2=" " tag="653">
      <marc:subfield code="a">Justiz</marc:subfield>
   </marc:datafield>
   <marc:datafield ind1=" " ind2=" " tag="653">
      <marc:subfield code="a">Afroamerikaner</marc:subfield>
   </marc:datafield>
   <marc:datafield ind1="0" ind2="0" tag="245">
      <marc:subfield code="a">Bus 57</marc:subfield>
   </marc:datafield>
   <marc:datafield ind1="0" ind2="0" tag="245">
      <marc:subfield code="b">eine wahre Geschichte</marc:subfield>
   </marc:datafield>
   <marc:datafield ind1="0" ind2="0" tag="245">
      <marc:subfield code="c">Dashka Slater. Aus dem Amerikan. übers. von Ann Lecker</marc:subfield>
   </marc:datafield>
   <marc:datafield ind1=" " ind2="1" tag="264">
      <marc:subfield code="a">Bindlach</marc:subfield>
      <marc:subfield code="b">Loewe</marc:subfield>
      <marc:subfield code="c">2019</marc:subfield>
   </marc:datafield>
   <marc:datafield ind1="1" ind2=" " tag="520">
      <marc:subfield code="a">Doch gerade diese brechen uns gewöhnlich das Herz. (NewYork Times) Der Bus der Linie 57 ist das einzige, was Sasha und Richard miteinander verbindet. Richard ist Afroamerikaner, geht auf eine öffentliche Schule und hat gerade einen längeren Aufenthalt in einer betreuten Wohngruppe für jugendliche Straftäter hinter sich. Sasha ist weiß, besucht eine Privatschule und identifiziert sich selbst als agender. Nur acht Minuten täglich verbringen Sasha und Richard gemeinsam im Bus 57. Bis zu dem Tag als Sasha den langen weißen Rock trägt und Richard ihn anzündet. Dashka Slater hat den nachfolgenden Gerichtsprozess monatelang verfolgt, mit Beteiligten gesprochen und die Hintergründe recherchiert. Bus 57 ist die akribische Dokumentation eines berührenden Falles, der tragischen Verstrickung zweier Jugendlicher, die doch nur  eines wollen: glücklich sein, trotz allem.</marc:subfield>
   </marc:datafield>
   <marc:datafield ind1=" " ind2=" " tag="020">
      <marc:subfield code="a">9783743203631</marc:subfield>
      <marc:subfield code="9">9783743203631</marc:subfield>
   </marc:datafield>
   <marc:datafield ind1=" " ind2=" " tag="020">
      <marc:subfield code="a">ISBN 9783743203631 ? 19,50</marc:subfield>
      <marc:subfield code="9">ISBN 9783743203631 ? 19,50</marc:subfield>
   </marc:datafield>
   <marc:datafield ind1=" " ind2=" " tag="041">
      <marc:subfield code="a">ger</marc:subfield>
   </marc:datafield>
   <marc:datafield ind1="0" ind2=" " tag="490">
      <marc:subfield code="v">0</marc:subfield>
   </marc:datafield>
   <marc:datafield ind1=" " ind2=" " tag="300">
      <marc:subfield code="a">400 S. : Ill.</marc:subfield>
   </marc:datafield>
</marc:record>
